Terapéutica ocular / (Record no. 167885)

MARC details
000 -LEADER
campo de control de longitud fija 01019nam a2200253 i 4500
001 - NÚMERO DE CONTROL
campo de control 167885
003 - IDENTIFICADOR DE NÚMERO DE CONTROL
campo de control ES-MaACL
005 - FECHA Y HORA DE LA ÚLTIMA TRANSACCIÓN
campo de control 20230906213622.0
008 - DATOS DE LONGITUD FIJA--INFORMACIÓN GENERAL
campo de control de longitud fija 941025s1881 sp a |||| | spa d
040 ## - FUENTE DE CATALOGACIÓN
Centro catalogador/agencia de origen CAT
Lengua de catalogación spa
Centro/agencia transcriptor CAT
Centro/agencia modificador CCPB
080 #4 - NÚMERO DE LA CLASIFICACIÓN DECIMAL UNIVERSAL
Número de la Clasificación Decimal Universal 617
100 1# - ENTRADA PRINCIPAL--NOMBRE DE PERSONA
Nombre de persona Wecker, L. de (
Fechas asociadas al nombre 1832-1904)
9 (RLIN) 133892
245 10 - MENCIÓN DEL TÍTULO
Título Terapéutica ocular /
Mención de responsabilidad, etc. por L. Wecker ; lecciones recogidas y extractadas por el doctor Masselon y revisadas por el profesor ; versión española por Ramón Serret Comín.
260 ## - PUBLICACIÓN, DISTRIBUCIÓN, ETC.
Lugar de publicación, distribución, etc. Madrid [etc.] :
Nombre del editor, distribuidor, etc. Carlos Bailly-Baillière, Librería Extranjera y Nacional, Científica y Literaria [etc.],
Fecha de publicación, distribución, etc. 1881.
300 ## - DESCRIPCIÓN FÍSICA
Extensión VII, 634 p. :
Otras características físicas il. ;
Dimensiones 23 cm.
490 1# - MENCIÓN DE SERIE
Mención de serie Biblioteca escogida de El Siglo Médico
650 #4 - PUNTO DE ACCESO ADICIONAL DE MATERIA--TÉRMINO DE MATERIA
Término de materia o nombre geográfico como elemento de entrada Oftalmología.
9 (RLIN) 15693
700 1# - ENTRADA AGREGADA--NOMBRE PERSONAL
Nombre de persona Masselon, Julien (
Fechas asociadas al nombre 1844-1917)
9 (RLIN) 129703
700 1# - ENTRADA AGREGADA--NOMBRE PERSONAL
Nombre de persona Serret Comín, Ramón.
9 (RLIN) 105834
830 0# - PUNTO DE ACCESO ADICIONAL DE SERIE-TÍTULO UNIFORME
Título uniforme Biblioteca escogida de El Siglo Médico
9 (RLIN) 182501
852 ## - LOCALIZACIÓN
Ubicación ES-MaACL
Número de control de estantería F-12297
Nota libre -- Enc. hol.
Holdings
Estatus retirado Estado de pérdida Estado de daño No para préstamo Colección Biblioteca de origen Biblioteca actual Ubicación en estantería Fecha de adquisición Fuente de adquisición Total de préstamos Signatura topográfica completa Código de barras Visto por última vez Precio de reemplazo Tipo de ítem Koha
        Libros del s. XIX Biblioteca del Ateneo de Madrid Biblioteca del Ateneo de Madrid Sala Pecera Planta 2 17/01/2008     F-12297 1176132 23/02/2023 23/02/2023 Libro impreso antiguo